Frágiles suturas : Chile a treinta años del gobierno de Salvador Allende /
שמור ב:
| מחבר תאגידי: | |
|---|---|
| מחברים אחרים: | , , |
| פורמט: | Procedimiento de la conferencia ספר |
| שפה: | ספרדית |
| יצא לאור: |
México :
El Colegio de México, Centro de Estudios Sociológicos,
2006, c2006
|
| נושאים: | |
| תגים: |
אין תגיות, היה/י הראשונ/ה לתייג את הרשומה!
|
MARC
| LEADER | 00000nam^a2200000^a^4500 | ||
|---|---|---|---|
| 001 | 000188553 | ||
| 005 | 20250521000000.0 | ||
| 009 | 20260310102341.973 | ||
| 020 | |a 968-12-1215-0 | ||
| 037 | |a Acervo ITESO - Biblioteca | ||
| 041 | |a ESP | ||
| 082 | |a 320. 98307 |b SEM 2003 | ||
| 111 | |a Seminario La Batalla por la Memoria : Chile a Treinta Años del Gobierno de Salvador Allende ( |d 2003 : |c El Colegio de México) | ||
| 245 | 1 | 0 | |a Frágiles suturas : |b Chile a treinta años del gobierno de Salvador Allende / |c Comp. de F. Zapata ; colaboración de F. Moraga, N. Avila ; pról. de Joan Enrique Garcés. |
| 264 | 4 | |a México : |b El Colegio de México, Centro de Estudios Sociológicos, |c 2006, c2006 | |
| 300 | |a 495 p. | ||
| 336 | |a texto |b txt |2 rdacontenido | ||
| 337 | |a sin mediación |b n |2 rdamedio | ||
| 338 | |a volumen |b nc |2 rdasoporte | ||
| 649 | |a XX | ||
| 650 | |a Desaparecidos Políticos - |z Chile | ||
| 650 | |a Género - |z Chile | ||
| 650 | |a Socialismo - |z Chile | ||
| 650 | |a Izquierda, La - |z Chile | ||
| 650 | |a Movimientos Estudiantiles - |z Chile | ||
| 650 | |a Movimientos Sociales - |z Chile | ||
| 650 | |a Represión - |z Chile | ||
| 650 | |a Violencia - |z Chile | ||
| 650 | |a Fuerzas Armadas - |z Chile | ||
| 650 | |a Golpe de Estado - |z Chile | ||
| 650 | |a Dictadura - |z Chile | ||
| 650 | |a Democracia - |z Chile | ||
| 650 | |a Transición Política - |z Chile | ||
| 650 | |a Cambios Políticos - |z Chile | ||
| 650 | |a Reforma Agraria - |z Chile | ||
| 650 | |a Política Agraria - |z Chile | ||
| 650 | |a Política Económica - |z Chile | ||
| 650 | |a Comunicación y Política - |z Chile | ||
| 650 | |a Relaciones Internacionales - |z Chile-EUA | ||
| 650 | |a Política Exterior - |z Chile | ||
| 650 | |a Sistema Político - |z Chile | ||
| 650 | |a Política - |z Chile - |x Historia - |y 1973-1990 | ||
| 650 | |a Política - |z Chile - |x Historia - |y 1990-1994 | ||
| 650 | |a Política - |z Chile - |x Historia - |y 1994-2000 | ||
| 650 | |a Política - |z Chile - |x Historia - |y Siglo XX | ||
| 650 | |a Política - |z Chile - |x Historia - |y 2000-2006 | ||
| 650 | |a Política - |z Chile - |x Historia - |y Siglo XXI | ||
| 650 | |a Chile - |x Condiciones Políticas | ||
| 700 | |a Zapata, Francisco |e (compilación) | ||
| 700 | |a Moraga, Fabio |e (colaboración) | ||
| 700 | |a Avila, Noelia |e (colaboración) | ||
| 910 | |a Fondo General | ||
| 920 | |a Impresos - Libros | ||
| 930 | |a Colección General | ||
| 905 | |a 101 | ||
| 901 | |a 0500130964 |b IT1 |c ACC |u 20250521 | ||
| 902 | |a https://opac.biblio.iteso.mx/vufind/Record/000188553 | ||